Balmes, filósofo del buen sentido (Record no. 143436)
[ view plain ]
| 000 -LEADER | |
|---|---|
| campo de control de longitud fija | 00683nam a2200169 4500 |
| 001 - NÚMERO DE CONTROL | |
| campo de control | 143436 |
| 003 - IDENTIFICADOR DE NÚMERO DE CONTROL | |
| campo de control | ES-MaACL |
| 005 - FECHA Y HORA DE LA ÚLTIMA TRANSACCIÓN | |
| campo de control | 20230906200818.0 |
| 007 - CAMPO FIJO DE DESCRIPCIÓN FÍSICA--INFORMACIÓN GENERAL | |
| campo de control de longitud fija | t| |
| 008 - DATOS DE LONGITUD FIJA--INFORMACIÓN GENERAL | |
| campo de control de longitud fija | 070214s1950 sp r ||||1| spa d |
| 100 1# - ENTRADA PRINCIPAL--NOMBRE DE PERSONA | |
| Nombre de persona | Serrano Suñer, Ramón, |
| Fechas asociadas al nombre | 1901-2003 |
| 9 (RLIN) | 105805 |
| 245 10 - MENCIÓN DEL TÍTULO | |
| Título | Balmes, filósofo del buen sentido |
| Resto del título | : discurso pronunciado en Vich, el día 9 de julio de 1950, en la solemne sesión anual conmemorativa de la muerte del Dr. Jaime Balmes Urpiá / |
| Mención de responsabilidad, etc. | por el Excmo. Sr. D. Ramón Serrano Suñer. |
| 260 ## - PUBLICACIÓN, DISTRIBUCIÓN, ETC. | |
| Lugar de publicación, distribución, etc. | Vich : |
| Nombre del editor, distribuidor, etc. | Ayuntamiento, |
| Fecha de publicación, distribución, etc. | 1950 ( |
| Fabricante | Portavella) |
| 710 2# - ENTRADA AGREGADA--NOMBRE DE ENTIDAD CORPORATIVA | |
| Nombre de entidad corporativa o nombre de jurisdicción como elemento de entrada | Vich. |
| Unidad subordinada | Ayuntamiento. |
| 9 (RLIN) | 7553 |
| 852 ## - LOCALIZACIÓN | |
| Ubicación | ES-MaACL |
| Número de control de estantería | 1916-F-7 |
| Sublocalización o colección | R.30417 |
| Estatus retirado | Estado de pérdida | Estado de daño | No para préstamo | Colección | Biblioteca de origen | Biblioteca actual | Ubicación en estantería | Fecha de adquisición | Fuente de adquisición | Total de préstamos | Signatura topográfica completa | Código de barras | Visto por última vez | Precio de reemplazo | Tipo de ítem Koha |
|---|---|---|---|---|---|---|---|---|---|---|---|---|---|---|---|
| Colección de folletos | Biblioteca del Ateneo de Madrid | Biblioteca del Ateneo de Madrid | Depósito folletos | 17/01/2008 | 1916-F-7 | 1149233 | 23/02/2023 | 23/02/2023 | Folleto |
